| 000 | 00514nam a2200181Ia 4500 | ||
|---|---|---|---|
| 008 | 220216s9999 xx 000 0 und d | ||
| 100 | _aNadarajah M | ||
| 245 | 0 | _aPotentialities of rubber seed collection and its utilisation in Sri Lanka | |
| 260 |
_bRubber Research Institute of Sri Lanka Bulletin _c1973 |
||
| 300 | _a21-Sep | ||
| 650 | _aRubber seed | ||
| 650 | _aRubber seed oil | ||
| 650 | _aSri Lanka | ||
| 700 | _aAbeysinghe A | ||
| 700 | _aDayaratne W C | ||
| 700 | _aTharmalingam R | ||
| 942 | _cJS | ||
| 999 |
_c65407 _d65407 |
||